| 000 | 00670nam a2200253Ia 4500 | ||
|---|---|---|---|
| 003 | OSt | ||
| 005 | 20220918164855.0 | ||
| 006 | a|||||r|||| 00| 0 | ||
| 007 | ta | ||
| 008 | 220917b |||||||| |||| 00| 0 eng d | ||
| 020 | _a0804423512 | ||
| 024 | _a20,965 | ||
| 037 | _cTextual | ||
| 040 |
_aARTS _cARTS _beng |
||
| 041 |
_2eng _aeng |
||
| 082 | _aO111,3M90w, L3 | ||
| 100 |
_aHardy John Edward _921402 |
||
| 245 | 0 | _aKatherine Anne Porter | |
| 260 |
_aNew York _bFrederick Ungar USA _c1973 |
||
| 300 |
_axi, 160 _ccm. |
||
| 650 | _aENGLISH LITERATURE | ||
| 942 |
_hO111,3M90w, L3 _cTEXL _2CC |
||
| 999 |
_c127142 _d127142 |
||